The Impact of Public Governance on Fiscal Pressure in Selected Emerging Countries
Zhodnotenie vplyvu rôznych ukazovateľov na kvalitu vlády a riziko fiškálneho tlaku.
Salvato in:
| Autore principale: | |
|---|---|
| Altri autori: | , |
| Natura: | Capitolo di libro |
| Lingua: | inglese |
| Soggetti: | |
| Tags: |
Nessun Tag, puoi essere il primo ad aggiungerne!!
|
MARC
| LEADER | 00000naa a2200000 4500 | ||
|---|---|---|---|
| 001 | 0297344 | ||
| 005 | 20231129092717.5 | ||
| 041 | 0 | |a eng | |
| 044 | |a SK | ||
| 245 | 1 | 0 | |a The Impact of Public Governance on Fiscal Pressure in Selected Emerging Countries |c Raluca Andreea Ghețu, Cristina Simona Căpățînă, Petre Brezeanu |
| 520 | |a Zhodnotenie vplyvu rôznych ukazovateľov na kvalitu vlády a riziko fiškálneho tlaku. | ||
| 610 | 2 | 0 | |a ukazovatele |
| 610 | 2 | 0 | |a správa verejná |
| 610 | 2 | 0 | |a riziko |
| 610 | 2 | 0 | |a riziko politické |
| 610 | 2 | 0 | |a vláda |
| 610 | 2 | 0 | |a kvalita |
| 610 | 2 | 0 | |a štát |
| 610 | 2 | 0 | |a krajiny rozvojové |
| 100 | 1 | |a Ghețu, Raluca Andreea | |
| 700 | 1 | |a Căpățînă, Cristina Simona | |
| 700 | 1 | |a Brezeanu, Petre | |